| 000 | 00768nam a2200217 a 4500 | ||
|---|---|---|---|
| 005 | 20210219160554.0 | ||
| 008 | 081202s2005 mx r 000 0 spa d | ||
| 020 | _a9501260968 | ||
| 035 | _aUPN01000168299 | ||
| 049 | _aCG | ||
| 050 | 4 |
_aU22.3 _bC3.7 |
|
| 100 | 1 | _aCastro Solano, Alejandro | |
| 245 | 1 | 0 |
_aTécnicas de evaluación psicológica en los ámbitos militares : _bmotivación, valores y liderazgo / _cAlejandro Castro Solano. |
| 260 |
_aBuenos Aires : _bPaidós, _c2005. |
||
| 300 |
_a298 p. : _btablas + _ecuestionarios (40 h.) |
||
| 440 | 0 |
_aEvaluación psicológica ; _v79 |
|
| 500 | _aIncluye juegos extras de cuestionarios. Solicítalos en Colección Especial | ||
| 650 | 4 | _aPSICOLOGIA MILITAR | |
| 650 | 4 | _aPRUEBAS PSICOLOGICAS | |
| 905 | _aLibro | ||
| 999 |
_c140406 _d140406 |
||